Autotransportistas Obligaciones fiscales /

Detalles Bibliográficos
Autor principal: Přez Chavez, Još
Otros Autores: Fol Olguin, Raymundo
Formato: Desconocido
Lenguaje:español
Publicado: Mx̌ico : Tax ed, 2010
Materias:
Acceso en línea:Acceso restringido

MARC

LEADER 00000ny a22000003n 4500
005 20110621115046.0
008 101118s2010 mx 000 spa d
022 |a 9786074401486  
035 |a 5042  
040 |a BUS  |d vLex 
090 |c 926  |d 926 
100 1 |a Přez Chavez, Još 
245 1 0 |a Autotransportistas  |h [Recurso electrn̤ico]  |b Obligaciones fiscales /  |c Jos ̌Přez Chavez ; Raymundo Fol Olguin  
256 |a Servicio en ln̕ea 
260 |a Mx̌ico :  |b Tax ed,  |c 2010 
506 1 |a Contenido solo disponible en los productos indicados  |d vLex Global  |d vLex Global (Academic Edition, excluding Law Schools)  |d vLex Global (U.S. Academic Edition, Law Schools)  |d vLex Global (U.S. Academic Edition, excluding Law Schools)  |d vLex Global (Academic Edition, Law Schools) 
650 0 |a Transporte  |x Impuestos 
700 1 |a Fol Olguin, Raymundo 
740 0 |a vLex Libros (Servicios en ln̕ea) 
856 4 0 |z Acceso restringido  |u http://vlex.com/source/5042 
942 |c BOOK